| 000 | 00863nam0a22002651 4500 | ||
|---|---|---|---|
| 001 | rc\230229 | ||
| 005 | 20250621010023.0 | ||
| 010 |
_a5-7260-0420-5 _9300000 |
||
| 035 | _a(NLR Aleph) 005488802 | ||
| 090 |
_a5185116 _c5185116 |
||
| 100 | _a20030307d1990 |||y0rusy50 ca | ||
| 101 | 0 | _arus | |
| 102 | _aRU | ||
| 105 | _ay ||||||||| | ||
| 200 | 1 |
_aКодекс о браке и семье РСФСР _eС изм. и доп. на 31 дек. 1989 г. |
|
| 210 |
_aМ. _cЮрид. лит. _d1990 |
||
| 215 |
_a78, [2] с. _d20 |
||
| 320 | _aАлф.-предм. указ.: с. 68-79 | ||
| 740 | 1 |
_aРСФСР _iКодекс о браке и семье _tЗаконы и постановления _9761793 _3RU\NLR\AUTH\880548241 |
|
| 801 | 0 |
_aRU _bNLR _gpsbo |
|
| 801 | 1 |
_aRU _bELAR _2rusmarc |
|
| 852 |
_aNLR _j90-4/5086 |
||
| 942 | _cBOOK | ||
| 980 | _aNB | ||